[Event "Tula"]
[Site "Tula"]
[Date "2010.08.20"]
[Round "13"]
[White "Biriukov, Ilja"]
[Black "Poletov, Vladimir"]
[Result "1-0"]
[WhiteElo "2233"]
[BlackElo "2329"]
[PlyCount "53"]
[EventDate "2010.08.11"]
[EventType "tourn"]
[EventRounds "13"]
[EventCountry "RUS"]
[EventCategory "6"]
[SourceTitle "CBM 138 Extra"]
[Source "ChessBase"]
[SourceDate "2010.10.29"]
[SourceVersion "1"]
[SourceVersionDate "2010.10.29"]
[SourceQuality "1"]

1. d4 d5 2. c4 e6 3. Nf3 Nf6 4. g3 Bb4+ 5. Bd2 a5 6. Qc2 0-0 7. Bg2 c6 8. 0-0 Ne4 9. a3 Nxd2 10. Nbxd2 Be7 11. e4 dxe4 12. Nxe4 Nd7 13. Rad1 f5 14. Nc3 Nf6 15. Rfe1 Qc7 16. Ng5 Ng4 17. Nxe6 Bxe6 18. Rxe6 Bf6 19. Qxf5 Nxh2 20. Kxh2 Bxd4 21. Qg4 Bxf2 22. Red6 Rad8 23. Rxd8 Rxd8 24. Qf4 Bb6 25. Qxc7 Bxc7 26. Rxd8+ Bxd8 27. c5 1-0

[Event "Tula"]
[Site "Tula"]
[Date "2010.08.18"]
[Round "10"]
[White "Stepanov, Alexander M"]
[Black "Poletov, Vladimir"]
[Result "1/2-1/2"]
[WhiteElo "2405"]
[BlackElo "2329"]
[PlyCount "30"]
[EventDate "2010.08.11"]
[EventType "tourn"]
[EventRounds "13"]
[EventCountry "RUS"]
[EventCategory "6"]
[SourceTitle "CBM 138 Extra"]
[Source "ChessBase"]
[SourceDate "2010.10.29"]
[SourceVersion "1"]
[SourceVersionDate "2010.10.29"]
[SourceQuality "1"]

1. g3 e5 2. Bg2 d5 3. d3 Nf6 4. Nf3 Nc6 5. 0-0 Bc5 6. c3 a5 7. Nxe5 Nxe5 8. d4 Bd6 9. dxe5 Bxe5 10. Nd2 0-0 11. e4 dxe4 12. Nxe4 Qxd1 13. Rxd1 Nxe4 14. Bxe4 c6 15. Kg2 Re8 1/2-1/2

[Event "Tula"]
[Site "Tula"]
[Date "2010.08.16"]
[Round "7"]
[White "Novikov, Maxim"]
[Black "Poletov, Vladimir"]
[Result "1/2-1/2"]
[WhiteElo "2503"]
[BlackElo "2329"]
[PlyCount "72"]
[EventDate "2010.08.11"]
[EventType "tourn"]
[EventRounds "13"]
[EventCountry "RUS"]
[EventCategory "6"]
[SourceTitle "CBM 138 Extra"]
[Source "ChessBase"]
[SourceDate "2010.10.29"]
[SourceVersion "1"]
[SourceVersionDate "2010.10.29"]
[SourceQuality "1"]

1. e4 c6 2. d4 d5 3. Nc3 dxe4 4. Nxe4 Bf5 5. Ng3 Bg6 6. h4 h6 7. h5 Bh7 8. Nf3 Nd7 9. Bd3 Bxd3 10. Qxd3 e6 11. Bf4 Bb4+ 12. c3 Be7 13. 0-0-0 Ngf6 14. Ne5 0-0 15. Qe2 Qa5 16. Kb1 Rfe8 17. Ne4 Nxe4 18. Qxe4 Nxe5 19. Qxe5 Qxe5 20. Bxe5 Rad8 21. Kc2 f6 22. Bg3 Bd6 23. Bxd6 Rxd6 24. g4 Kf7 25. f3 e5 26. dxe5 Rxd1 27. Rxd1 Rxe5 28. Rd7+ Re7 29. Rd8 f5 30. Kd3 fxg4 31. fxg4 Kf6 32. Rd6+ Kg5 33. Rg6+ Kf4 34. b4 Re3+ 35. Kd4 Re4+ 36. Kd3 Re7 1/2-1/2

[Event "Tula"]
[Site "Tula"]
[Date "2010.08.16"]
[Round "8"]
[White "Poletov, Vladimir"]
[Black "Kurilin, Alexander"]
[Result "1/2-1/2"]
[WhiteElo "2329"]
[BlackElo "2300"]
[PlyCount "63"]
[EventDate "2010.08.11"]
[EventType "tourn"]
[EventRounds "13"]
[EventCountry "RUS"]
[EventCategory "6"]
[SourceTitle "CBM 138 Extra"]
[Source "ChessBase"]
[SourceDate "2010.10.29"]
[SourceVersion "1"]
[SourceVersionDate "2010.10.29"]
[SourceQuality "1"]

1. g3 e5 2. Bg2 d5 3. d3 Nf6 4. Nf3 Nc6 5. 0-0 Be7 6. c3 0-0 7. Nbd2 e4 8. dxe4 dxe4 9. Nd4 Nxd4 10. cxd4 Bf5 11. Nc4 Qc8 12. Bg5 Bh3 13. Bxf6 Bxf6 14. e3 Bxg2 15. Kxg2 Qf5 16. Qb3 b6 17. Qc2 Rfe8 18. Rac1 Rad8 19. Rfd1 c6 20. Nd2 Re6 21. Kg1 Be7 22. Qa4 Rf6 23. Rf1 Rh6 24. f3 exf3 25. Nxf3 Qe4 26. Qxa7 c5 27. Qc7 Qxe3+ 28. Kg2 Qe2+ 29. Rf2 Qe3 30. Rff1 Qe2+ 31. Rf2 Qe3 32. Rff1 1/2-1/2

[Event "Tula"]
[Site "Tula"]
[Date "2010.08.14"]
[Round "4"]
[White "Poletov, Vladimir"]
[Black "Guliev, Logman"]
[Result "1/2-1/2"]
[WhiteElo "2329"]
[BlackElo "2437"]
[PlyCount "111"]
[EventDate "2010.08.11"]
[EventType "tourn"]
[EventRounds "13"]
[EventCountry "RUS"]
[EventCategory "6"]
[SourceTitle "CBM 138 Extra"]
[Source "ChessBase"]
[SourceDate "2010.10.29"]
[SourceVersion "1"]
[SourceVersionDate "2010.10.29"]
[SourceQuality "1"]

1. g3 e5 2. Bg2 d5 3. d3 Nf6 4. Bg5 Bc5 5. Nf3 h6 6. Bxf6 Qxf6 7. Nc3 c6 8. 0-0 0-0 9. Nd2 Bg4 10. Na4 Na6 11. Nxc5 Nxc5 12. Bf3 Bxf3 13. Nxf3 Rfe8 14. c3 Rad8 15. Qd2 e4 16. Nd4 exd3 17. exd3 Ne6 18. Nxe6 Rxe6 19. Rae1 Rde8 20. Re3 Rxe3 21. fxe3 Qe6 22. Re1 c5 23. b3 b5 24. e4 c4 25. bxc4 bxc4 26. dxc4 dxe4 27. Qd5 Qf6 28. Qd4 Qf3 29. Re3 Qg4 30. Qd5 Qe6 31. Re1 g6 32. a4 a6 33. Rd1 Qf6 34. Qd7 Re6 35. Qd8+ Qxd8 36. Rxd8+ Kg7 37. Rd5 f5 38. Kf2 Kf7 39. c5 h5 40. Ke3 Rc6 41. a5 Ke7 42. Kd4 Re6 43. Ke3 Kf6 44. Rd7 Ke5 45. c4 Rc6 46. Rd5+ Ke6 47. Kf4 Kf6 48. Rd6+ Rxd6 49. cxd6 g5+ 50. Ke3 Ke6 51. c5 Kd7 52. Kd4 Kc6 53. h3 h4 54. gxh4 gxh4 55. Ke3 Kd7 56. Kf4 1/2-1/2

[Event "Tula"]
[Site "Tula"]
[Date "2010.08.12"]
[Round "2"]
[White "Poletov, Vladimir"]
[Black "Gusev, Aleksey"]
[Result "1/2-1/2"]
[WhiteElo "2329"]
[BlackElo "2412"]
[PlyCount "84"]
[EventDate "2010.08.11"]
[EventType "tourn"]
[EventRounds "13"]
[EventCountry "RUS"]
[EventCategory "6"]
[SourceTitle "CBM 138 Extra"]
[Source "ChessBase"]
[SourceDate "2010.10.29"]
[SourceVersion "1"]
[SourceVersionDate "2010.10.29"]
[SourceQuality "1"]

1. g3 g6 2. Bg2 Bg7 3. Nf3 Nf6 4. 0-0 0-0 5. c4 c5 6. Nc3 Nc6 7. d3 d6 8. a3 a6 9. Rb1 Rb8 10. Bd2 Bd7 11. Qc1 Nd4 12. b4 Nxf3+ 13. Bxf3 Bh3 14. Bg2 Bxg2 15. Kxg2 Qd7 16. Bg5 Rfe8 17. bxc5 dxc5 18. Bf4 e5 19. Bg5 b5 20. f3 bxc4 21. Rxb8 Rxb8 22. Bxf6 Bxf6 23. dxc4 Rb3 24. Nd5 Qd8 25. Qa1 Bg7 26. Rb1 Qb8 27. Rxb3 Qxb3 28. Qc3 Qxc3 29. Nxc3 f5 30. e4 Kf7 31. h3 Ke6 32. Kf2 h5 33. Nd5 a5 34. Nc3 Bh6 35. Ke2 Bc1 36. a4 Bb2 37. Nd5 fxe4 38. fxe4 Kd6 39. Ke3 Bd4+ 40. Kd3 Bf2 41. g4 hxg4 42. hxg4 Be1 1/2-1/2

[Event "Tula Sinitsin Memorial"]
[Site "Tula"]
[Date "2010.04.??"]
[Round "7"]
[White "Andrianov, Vyacheslav"]
[Black "Poletov, Vladimir"]
[Result "1/2-1/2"]
[WhiteElo "2089"]
[BlackElo "2332"]
[PlyCount "27"]
[EventDate "2010.04.??"]
[EventType "tourn"]
[EventRounds "17"]
[EventCountry "RUS"]
[SourceTitle "EXT 2012"]
[Source "ChessBase"]
[SourceDate "2011.11.24"]
[SourceVersion "1"]
[SourceVersionDate "2011.11.24"]
[SourceQuality "1"]

1. d4 Nf6 2. c4 d6 3. Nc3 g6 4. e4 Bg7 5. f3 0-0 6. Be3 c5 7. Nge2 cxd4 8. Nxd4 b6 9. Qd2 Bb7 10. Be2 Nc6 11. 0-0 Nh5 12. Nxc6 Bxc6 13. Bd4 Bxd4+ 14. Qxd4 1/2-1/2

[Event "Tula Sinitsin Memorial"]
[Site "Tula"]
[Date "2010.04.??"]
[Round "11"]
[White "Semenov, Nikolai"]
[Black "Poletov, Vladimir"]
[Result "0-1"]
[WhiteElo "2091"]
[BlackElo "2332"]
[PlyCount "32"]
[EventDate "2010.04.??"]
[EventType "tourn"]
[EventRounds "17"]
[EventCountry "RUS"]
[SourceTitle "EXT 2012"]
[Source "ChessBase"]
[SourceDate "2011.11.24"]
[SourceVersion "1"]
[SourceVersionDate "2011.11.24"]
[SourceQuality "1"]

1. e4 c6 2. d4 d5 3. Nc3 dxe4 4. Nxe4 Bf5 5. Ng3 Bg6 6. Nf3 Nd7 7. Nh4 e6 8. Nxg6 hxg6 9. Bf4 Ngf6 10. Qd2 c5 11. 0-0-0 cxd4 12. Qxd4 Qa5 13. Bc4 Bc5 14. Qd2 Qb6 15. f3 0-0 16. Bd6 Be3 0-1

[Event "Tula schev"]
[Site "Tula"]
[Date "2007.07.27"]
[Round "10"]
[White "Tkachev, Grigory"]
[Black "Poletov, Vladimir"]
[Result "1-0"]
[WhiteElo "1983"]
[BlackElo "2344"]
[PlyCount "106"]
[EventDate "2007.07.16"]
[EventType "schev"]
[EventRounds "10"]
[EventCountry "RUS"]
[SourceTitle "EXT 2009"]
[Source "ChessBase"]
[SourceDate "2008.11.26"]
[SourceVersion "1"]
[SourceVersionDate "2008.11.26"]
[SourceQuality "1"]

1. Nf3 Nf6 2. g3 d5 3. Bg2 c6 4. 0-0 g6 5. d4 Bg7 6. c4 0-0 7. cxd5 cxd5 8. Nc3 Nc6 9. Bf4 Nh5 10. Be3 h6 11. Qb3 e6 12. Ne5 Ne7 13. g4 Nf6 14. Rfd1 Nd7 15. Rac1 Nxe5 16. dxe5 Nc6 17. f4 g5 18. Bc5 gxf4 19. Bxf8 Qxf8 20. Nb5 Bxe5 21. Na3 Qg7 22. h3 Bxb2 23. Rb1 Be5 24. Nc2 Qg5 25. Qf3 Bc7 26. Rf1 Qg6 27. Rfc1 Qf6 28. Rf1 Ne7 29. e3 Ng6 30. exf4 Nxf4 31. Kh1 b6 32. Rb4 e5 33. Qxd5 Nxd5 34. Rxf6 Bb7 35. Rc4 Rb8 36. Rxh6 Rd8 37. Rxc7 Nxc7 38. Bxb7 Rd1+ 39. Kg2 Rd2+ 40. Kf3 Rxc2 41. Rc6 Rxc6 42. Bxc6 Kg7 43. Ke4 Kf6 44. h4 Ke6 45. h5 Kf6 46. Bd7 Na6 47. Bf5 Nc5+ 48. Kd5 Kg5 49. Kxe5 Nb7 50. Kd5 Nd8 51. Kd6 f6 52. Ke7 Nc6+ 53. Kf7 Ne5+ 1-0

[Event "Tula schev"]
[Site "Tula"]
[Date "2007.07.26"]
[Round "9"]
[White "Poletov, Vladimir"]
[Black "Kosolapov, Petr"]
[Result "1-0"]
[WhiteElo "2344"]
[BlackElo "1994"]
[PlyCount "81"]
[EventDate "2007.07.16"]
[EventType "schev"]
[EventRounds "10"]
[EventCountry "RUS"]
[SourceTitle "EXT 2009"]
[Source "ChessBase"]
[SourceDate "2008.11.26"]
[SourceVersion "1"]
[SourceVersionDate "2008.11.26"]
[SourceQuality "1"]

1. Nf3 Nf6 2. g3 g6 3. Bg2 Bg7 4. 0-0 0-0 5. d3 d6 6. h3 Nbd7 7. e4 e5 8. Be3 c6 9. a4 a5 10. Nbd2 Qc7 11. Re1 Ne8 12. c3 h6 13. Nh4 b5 14. axb5 cxb5 15. Qb3 Nc5 16. Bxc5 dxc5 17. Qxb5 Nd6 18. Qb3 Be6 19. c4 Rfb8 20. Qa3 Qb6 21. Nf1 a4 22. Ne3 Qb4 23. Nd5 Qxa3 24. bxa3 Bxd5 25. cxd5 Rb3 26. Rec1 Ra5 27. Bf1 g5 28. Ng2 f5 29. Ne3 fxe4 30. dxe4 Nxe4 31. Nc4 Ra8 32. Re1 Nf6 33. Nxe5 Ra7 34. Bc4 Rc3 35. d6+ Kh7 36. Bd3+ Kg8 37. Bf5 Nh5 38. d7 Bf6 39. Ng4 Bd8 40. Re8+ Kf7 41. Rxd8 1-0

[Event "Kireevsk"]
[Site "Kireevsk"]
[Date "2006.12.29"]
[Round "11"]
[White "Krasnov, Yury A"]
[Black "Poletov, Vladimir"]
[Result "1/2-1/2"]
[WhiteElo "2313"]
[BlackElo "2343"]
[PlyCount "26"]
[EventDate "2006.12.23"]
[EventType "tourn"]
[EventRounds "13"]
[EventCountry "RUS"]
[EventCategory "5"]
[SourceTitle "EXT 2019"]
[Source "ChessBase"]
[SourceDate "2018.10.10"]
[SourceVersion "1"]
[SourceVersionDate "2018.10.10"]
[SourceQuality "1"]

1. d4 d5 2. c4 e6 3. Nf3 Nf6 4. Nc3 Be7 5. Bg5 h6 6. Bxf6 Bxf6 7. Qb3 c6 8. Rd1 0-0 9. e4 dxe4 10. Nxe4 Nd7 11. Be2 e5 12. 0-0 exd4 13. Nxd4 Bxd4 1/2-1/2

[Event "Kireevsk"]
[Site "Kireevsk"]
[Date "2006.12.28"]
[Round "9"]
[White "Kalinichev, Andrey"]
[Black "Poletov, Vladimir"]
[Result "1/2-1/2"]
[WhiteElo "2356"]
[BlackElo "2343"]
[PlyCount "29"]
[EventDate "2006.12.23"]
[EventType "tourn"]
[EventRounds "13"]
[EventCountry "RUS"]
[EventCategory "5"]
[SourceTitle "EXT 2019"]
[Source "ChessBase"]
[SourceDate "2018.10.10"]
[SourceVersion "1"]
[SourceVersionDate "2018.10.10"]
[SourceQuality "1"]

1. d4 Nf6 2. c4 e6 3. Nc3 Bb4 4. e3 0-0 5. Bd3 d5 6. a3 dxc4 7. Bxc4 Bd6 8. Qc2 Nbd7 9. Nf3 a6 10. Ba2 c5 11. dxc5 Bxc5 12. b4 Ba7 13. Nd4 Nb6 14. Bb2 Bd7 15. 0-0 1/2-1/2

[Event "Kireevsk"]
[Site "Kireevsk"]
[Date "2006.12.24"]
[Round "2"]
[White "Abbasov, Farid"]
[Black "Poletov, Vladimir"]
[Result "1/2-1/2"]
[WhiteElo "2444"]
[BlackElo "2343"]
[PlyCount "53"]
[EventDate "2006.12.23"]
[EventType "tourn"]
[EventRounds "13"]
[EventCountry "RUS"]
[EventCategory "5"]
[SourceTitle "EXT 2019"]
[Source "ChessBase"]
[SourceDate "2018.10.10"]
[SourceVersion "1"]
[SourceVersionDate "2018.10.10"]
[SourceQuality "1"]

1. d4 Nf6 2. c4 c5 3. d5 e6 4. Nc3 exd5 5. cxd5 d6 6. Nf3 g6 7. Nd2 Nbd7 8. g3 Bg7 9. Bg2 0-0 10. 0-0 Qe7 11. Nc4 Ne5 12. Qb3 Re8 13. h3 Nxc4 14. Qxc4 h6 15. e4 Nd7 16. f4 Nb6 17. Qd3 f5 18. Re1 fxe4 19. Rxe4 Qf7 20. Rxe8+ Qxe8 21. g4 c4 22. Qe4 Bd7 23. Be3 Bxc3 24. bxc3 Qxe4 25. Bxe4 Re8 26. Bxb6 Rxe4 27. Bxa7 1/2-1/2

[Event "Tula CC-ch"]
[Site "Tula"]
[Date "2006.10.03"]
[Round "9"]
[White "Salahutdinov, Sergei"]
[Black "Poletov, Vladimir"]
[Result "0-1"]
[WhiteElo "2093"]
[BlackElo "2343"]
[PlyCount "102"]
[EventDate "2006.09.19"]
[EventType "swiss"]
[EventRounds "9"]
[EventCountry "RUS"]
[SourceTitle "EXT 2010"]
[Source "ChessBase"]
[SourceDate "2010.11.25"]
[SourceVersion "1"]
[SourceVersionDate "2010.11.25"]
[SourceQuality "1"]

1. d4 Nf6 2. c4 g6 3. Nc3 Bg7 4. e4 d6 5. f3 0-0 6. Be3 b6 7. Nge2 c5 8. d5 e6 9. Ng3 exd5 10. cxd5 a6 11. a4 Nbd7 12. Be2 h5 13. 0-0 Re8 14. Bg5 Qc7 15. Qd2 Rb8 16. Rac1 c4 17. b4 b5 18. a5 Nf8 19. h3 N6h7 20. Be3 Qe7 21. Bd1 h4 22. Nge2 g5 23. Nd4 Bd7 24. Bc2 Rbc8 25. Rce1 Be5 26. f4 gxf4 27. Bxf4 Ng6 28. Bxe5 Nxe5 29. Nf5 Bxf5 30. exf5 Qg5 31. Qf2 Nf6 32. Ne4 Nxe4 33. Rxe4 f6 34. Kh2 Rc7 35. Qxh4 Qxh4 36. Rxh4 c3 37. Re4 Rec8 38. Kg3 Nc4 39. Re6 Kf7 40. Rfe1 Rd7 41. Kf3 Ne5+ 42. Ke3 Rc4 43. Rb1 Rc8 44. Re1 Nc4+ 45. Kd3 Nb2+ 46. Ke3 Nc4+ 47. Kd3 Ne5+ 48. Ke3 Rg8 49. Kf2 Rc8 50. g4 Rc4 51. Re4 Rdc7 0-1

[Event "Tula CC-ch"]
[Site "Tula"]
[Date "2006.09.26"]
[Round "5"]
[White "Smirnov, Aleksander"]
[Black "Poletov, Vladimir"]
[Result "1/2-1/2"]
[WhiteElo "2243"]
[BlackElo "2343"]
[PlyCount "58"]
[EventDate "2006.09.19"]
[EventType "swiss"]
[EventRounds "9"]
[EventCountry "RUS"]
[SourceTitle "EXT 2010"]
[Source "ChessBase"]
[SourceDate "2010.11.25"]
[SourceVersion "1"]
[SourceVersionDate "2010.11.25"]
[SourceQuality "1"]

1. e4 c5 2. Nf3 g6 3. c3 Bg7 4. d4 cxd4 5. cxd4 Nf6 6. e5 Nd5 7. Nc3 Nc7 8. Bc4 d5 9. Be2 0-0 10. 0-0 Bg4 11. h3 Bxf3 12. Bxf3 Nc6 13. Be3 e6 14. Qd2 f6 15. exf6 Qxf6 16. a3 Nxd4 17. Bd1 Nc6 18. Bg5 Qd4 19. Qe1 Qe5 20. Qd2 Rf5 21. Re1 Qd4 22. Bg4 Qxd2 23. Bxd2 Re5 24. Bf4 Rxe1+ 25. Rxe1 e5 26. Bg3 d4 27. Ne4 h5 28. Bf3 Ne6 29. Nd6 Nf4 1/2-1/2

[Event "Tula CC-ch"]
[Site "Tula"]
[Date "2006.09.19"]
[Round "1"]
[White "Zerzhalova, Svetlana"]
[Black "Poletov, Vladimir"]
[Result "0-1"]
[WhiteElo "1997"]
[BlackElo "2343"]
[PlyCount "120"]
[EventDate "2006.09.19"]
[EventType "swiss"]
[EventRounds "9"]
[EventCountry "RUS"]
[SourceTitle "EXT 2010"]
[Source "ChessBase"]
[SourceDate "2010.11.25"]
[SourceVersion "1"]
[SourceVersionDate "2010.11.25"]
[SourceQuality "1"]

1. e4 c5 2. Nf3 Nc6 3. c3 Nf6 4. e5 Nd5 5. d4 cxd4 6. Nxd4 Nxe5 7. Qh5 d6 8. f4 g6 9. Qe2 Nd7 10. Nd2 Bg7 11. N2f3 0-0 12. h4 e5 13. fxe5 dxe5 14. Nb3 e4 15. Nfd4 Re8 16. h5 Ne5 17. hxg6 Nd3+ 18. Kd1 Bg4 19. gxf7+ Kxf7 20. Rxh7 Bxe2+ 21. Bxe2 Nxc1 22. Rxc1 Ne3+ 23. Kd2 Qg5 24. Rch1 Nf5+ 25. Kc2 Nxd4+ 26. Nxd4 Rh8 27. Bc4+ Kg6 28. Rxg7+ Kxg7 29. Ne6+ Kg6 30. Nxg5 Rxh1 31. Nxe4 Rh2 32. b4 Rxg2+ 33. Kb3 Rd8 34. Nc5 b6 35. Ne6 Rdd2 36. Nf4+ Kf5 37. Nxg2 Rxg2 38. a4 Ke5 39. Ba6 Kd6 40. Bb7 Rg5 41. Bh1 Rg7 42. Ba8 Rc7 43. Bg2 Ke5 44. Bh1 Kf4 45. Bd5 Ke3 46. Bc4 Kd2 47. b5 Rc5 48. Kb4 Rc7 49. Kb3 Re7 50. Bd5 Re3 51. Kc4 Rxc3+ 52. Kd4 Ra3 53. Ke5 Rxa4 54. Kd6 Rd4 55. Kc6 Rxd5 56. Kxd5 Kc3 57. Kd6 Kc4 58. Kc6 Kb4 59. Kb7 Kxb5 60. Kxa7 Ka5 0-1

[Event "Tula Rassadnev Memorial"]
[Site "Tula"]
[Date "2006.02.18"]
[Round "12"]
[White "Poletov, Vladimir"]
[Black "Novikov, Konstantin Ivan"]
[Result "1-0"]
[WhiteElo "2336"]
[BlackElo "2228"]
[PlyCount "87"]
[EventDate "2006.02.01"]
[EventType "tourn"]
[EventRounds "15"]
[EventCountry "RUS"]
[SourceTitle "EXT 2007"]
[Source "ChessBase"]
[SourceDate "2006.11.23"]
[SourceVersion "1"]
[SourceVersionDate "2006.11.23"]
[SourceQuality "1"]

1. d4 b5 2. e4 Bb7 3. Bxb5 Bxe4 4. Nf3 Nc6 5. Nbd2 Rb8 6. Ba4 Bxf3 7. Nxf3 Nb4 8. c4 c5 9. dxc5 e6 10. Ne5 Nf6 11. a3 Bxc5 12. axb4 Bxb4+ 13. Bd2 Qc7 14. Nd3 Bxd2+ 15. Qxd2 Qxc4 16. 0-0 0-0 17. Ne5 Qc7 18. Nxd7 Nxd7 19. Qxd7 Qxd7 20. Bxd7 Rfd8 21. Rxa7 Rxb2 22. g3 h6 23. Rc1 Rd2 24. Rcc7 g5 25. g4 Rd4 26. h3 Rf4 27. Kg2 Rb8 28. Ra2 Rd8 29. f3 Rd4 30. Raa7 Rf4 31. Kg3 Rb8 32. Ba4 Rd8 33. Bc2 Rd2 34. Rc8+ Kg7 35. Be4 Rf6 36. Raa8 Rf4 37. Rg8+ Kf6 38. Rh8 Kg7 39. Rh7+ Kf6 40. Rxh6+ Ke7 41. h4 e5 42. hxg5 Rd7 43. g6 fxg6 44. Rh7+ 1-0

[Event "Tula Rassadnev Memorial"]
[Site "Tula"]
[Date "2006.02.14"]
[Round "9"]
[White "Kazakov, Nikolay"]
[Black "Poletov, Vladimir"]
[Result "0-1"]
[WhiteElo "1906"]
[BlackElo "2336"]
[PlyCount "101"]
[EventDate "2006.02.01"]
[EventType "tourn"]
[EventRounds "15"]
[EventCountry "RUS"]
[SourceTitle "EXT 2007"]
[Source "ChessBase"]
[SourceDate "2006.11.23"]
[SourceVersion "1"]
[SourceVersionDate "2006.11.23"]
[SourceQuality "1"]

1. Nf3 g6 2. e4 c5 3. d4 cxd4 4. Qxd4 Nf6 5. e5 Nc6 6. Qc3 Nd5 7. Qd2 Nb6 8. a4 a5 9. Bb5 Bg7 10. Qe2 0-0 11. 0-0 d5 12. exd6 Qxd6 13. Rd1 Qc7 14. h3 Bf5 15. c3 Rad8 16. Be3 Nd5 17. Nbd2 Nxe3 18. Qxe3 e5 19. Ne4 Ne7 20. c4 h6 21. g4 Bxe4 22. Qxe4 f5 23. gxf5 gxf5 24. Qe2 e4 25. Nh4 Qe5 26. Qh5 e3 27. fxe3 Qxe3+ 28. Kh1 Qe4+ 29. Ng2 f4 30. Rxd8 Rxd8 31. Re1 Qf5 32. Qxf5 Nxf5 33. Nxf4 Rd2 34. Ne6 Ng3+ 35. Kg1 Bxb2 36. Re3 Nf5 37. Rf3 Nh4 38. Rf8+ Kh7 39. Rf7+ Kh8 40. Rf8+ Kh7 41. Rf7+ Kh8 42. Rf8+ Kh7 43. Rf7+ Kg6 44. Be8 Bf6 45. Rxb7+ Kf5 46. Ng7+ Ke5 47. Rb5+ Ke4 48. Bc6+ Kd3 49. Rd5+ Bd4+ 50. Rxd4+ Kxd4 51. Bb5 0-1

[Event "Tula Rassadnev Memorial"]
[Site "Tula"]
[Date "2006.02.08"]
[Round "6"]
[White "Kramorev, Yuri"]
[Black "Poletov, Vladimir"]
[Result "0-1"]
[WhiteElo "2048"]
[BlackElo "2336"]
[PlyCount "102"]
[EventDate "2006.02.01"]
[EventType "tourn"]
[EventRounds "15"]
[EventCountry "RUS"]
[SourceTitle "EXT 2007"]
[Source "ChessBase"]
[SourceDate "2006.11.23"]
[SourceVersion "1"]
[SourceVersionDate "2006.11.23"]
[SourceQuality "1"]

1. e4 c6 2. d4 d5 3. Nc3 dxe4 4. Nxe4 Bf5 5. Ng3 Bg6 6. h4 h6 7. Nh3 Nf6 8. c3 e6 9. Nf4 Bh7 10. Bd3 Bxd3 11. Nxd3 Bd6 12. Bf4 Bxf4 13. Nxf4 Nbd7 14. Qe2 Qc7 15. Nd3 0-0 16. Ne5 Nd5 17. Nxd7 Qxd7 18. 0-0 a5 19. Rfd1 b5 20. Ne4 a4 21. a3 Qe7 22. g3 Rae8 23. f4 Nb6 24. Nd2 Nc8 25. Ne4 Rd8 26. Kh2 Nb6 27. Nd2 Rd5 28. Qf2 Rfd8 29. Nf3 c5 30. Rd3 b4 31. axb4 cxb4 32. Ne5 Rc8 33. Rc1 f6 34. Nf3 Qd7 35. Qd2 Nc4 36. Qe2 b3 37. Rb1 e5 38. fxe5 fxe5 39. Rdd1 Qg4 40. Re1 e4 41. Nd2 Qxe2+ 42. Rxe2 Nxd2 43. Rxd2 a3 44. bxa3 Rxc3 45. Re1 e3 46. Rde2 Rb5 47. Kg2 Rb8 48. a4 Rd3 49. a5 Rd2 50. Kf3 Rf8+ 51. Kxe3 Rxe2+ 0-1

[Event "Tula Rassadnev Memorial"]
[Site "Tula"]
[Date "2006.02.03"]
[Round "3"]
[White "Poletov, Vladimir"]
[Black "Drizgalovich, Mikhail"]
[Result "1/2-1/2"]
[WhiteElo "2336"]
[BlackElo "2123"]
[PlyCount "53"]
[EventDate "2006.02.01"]
[EventType "tourn"]
[EventRounds "15"]
[EventCountry "RUS"]
[SourceTitle "EXT 2007"]
[Source "ChessBase"]
[SourceDate "2006.11.23"]
[SourceVersion "1"]
[SourceVersionDate "2006.11.23"]
[SourceQuality "1"]

1. d4 d5 2. c4 e6 3. Nc3 Nf6 4. Bg5 Be7 5. e3 0-0 6. Nf3 h6 7. Bh4 b6 8. cxd5 Nxd5 9. Bxe7 Qxe7 10. Nxd5 exd5 11. Be2 Be6 12. 0-0 c5 13. dxc5 bxc5 14. Qa4 Nd7 15. Rac1 a5 16. Qa3 Rfb8 17. Rfd1 Qf6 18. Rd2 a4 19. Rc3 Ra7 20. Ne1 c4 21. Nf3 Rab7 22. Nd4 Ne5 23. Rcc2 Bf5 24. Nxf5 Qxf5 25. Rc1 Qf6 26. Rc3 Rb6 27. Rcc2 1/2-1/2

[Event "Tula CC-ch"]
[Site "Tula"]
[Date "2005.10.15"]
[Round "1"]
[White "Khludnev, Kirill"]
[Black "Poletov, Vladimir"]
[Result "0-1"]
[WhiteElo "2070"]
[BlackElo "2362"]
[PlyCount "147"]
[EventDate "2005.10.15"]
[EventType "swiss"]
[EventRounds "9"]
[EventCountry "RUS"]
[SourceTitle "EXT 2006"]
[Source "ChessBase"]
[SourceDate "2005.11.24"]
[SourceVersion "1"]
[SourceVersionDate "2005.11.24"]
[SourceQuality "1"]

1. e4 c6 2. d3 d5 3. Nd2 e5 4. Ngf3 Bd6 5. g3 f5 6. Qe2 fxe4 7. dxe4 d4 8. Nxe5 Be6 9. Nec4 Bc7 10. Bh3 Bf7 11. Nf3 Qe7 12. 0-0 Qc5 13. Na3 Na6 14. Rd1 Qh5 15. Bg2 0-0-0 16. Rxd4 Re8 17. Nc4 Nf6 18. Bg5 c5 19. Bxf6 cxd4 20. Bxg7 Rhg8 21. Bxd4 Bd5 22. e5 Rgf8 23. Ncd2 Rf5 24. Re1 Rff8 25. Ne4 Kb8 26. Qb5 Bc6 27. Qb3 Rd8 28. Nf6 Qh6 29. Be3 Qg7 30. Nd4 Bxg2 31. Kxg2 Bxe5 32. Nc6+ Ka8 33. Nxd8 Rxf6 34. Ne6 Qg4 35. Nc5 Qf3+ 36. Kg1 Nb8 37. Qd3 Rg6 38. Qe4 Qxe4 39. Nxe4 Bxb2 40. Rd1 b6 41. Bf4 Nc6 42. c3 Ba3 43. Rd7 h5 44. h4 Re6 45. f3 Ne7 46. Nd6 Bc5+ 47. Kf1 a6 48. Ne4 Ba3 49. Rd8+ Kb7 50. Rh8 Ng6 51. Rxh5 Nxf4 52. gxf4 Bc1 53. f5 Rxe4 54. Rh7+ Kc6 55. f6 Rf4 56. Ke2 Kd5 57. h5 Ke6 58. Ra7 Ba3 59. h6 Rh4 60. Kf2 Bf8 61. Rb7 Bxh6 62. Rxb6+ Kf7 63. Rxa6 Bf4 64. a4 Rh2+ 65. Kg1 Rh3 66. Ra7+ Kf8 67. Ra8+ Kf7 68. a5 Rxf3 69. a6 Be3+ 70. Kg2 Rf4 71. a7 Re4 72. Rf8+ Kxf8 73. a8Q+ Re8 74. Qd5 0-1

[Event "Tula Afromeev Memorial"]
[Site "Tula"]
[Date "2005.07.30"]
[Round "11"]
[White "Poletov, Vladimir"]
[Black "Afromeev, Vladimir"]
[Result "0-1"]
[WhiteElo "2362"]
[BlackElo "2563"]
[PlyCount "82"]
[EventDate "2005.07.20"]
[EventType "tourn"]
[EventRounds "11"]
[EventCountry "RUS"]
[EventCategory "6"]
[SourceTitle "EXT 2006"]
[Source "ChessBase"]
[SourceDate "2005.11.24"]
[SourceVersion "1"]
[SourceVersionDate "2005.11.24"]
[SourceQuality "1"]

1. d4 d5 2. c4 dxc4 3. Nc3 a6 4. e4 b5 5. a4 b4 6. Na2 Bb7 7. f3 Nc6 8. d5 Na5 9. Nxb4 e6 10. Bd2 Nb3 11. Rb1 Nxd2 12. Qxd2 a5 13. Na2 exd5 14. exd5 Bxd5 15. Nc3 Bb4 16. Rd1 Qe7+ 17. Qe2 Ra6 18. Qxe7+ Nxe7 19. Nge2 0-0 20. Ng3 Rb6 21. Be2 c6 22. Nge4 Re8 23. 0-0 f5 24. Nf2 Bc5 25. Rd2 Reb8 26. Rb1 Be3 27. Rc2 Bd4 28. Ncd1 Rb4 29. Rbc1 Rxa4 30. Kf1 Ra2 31. Rd2 Rbxb2 32. Nxb2 Be3 33. Rcc2 Bxd2 34. Rxd2 c3 35. Rxd5 Nxd5 36. Nbd1 c2 37. Nd3 Ra1 38. Ke1 Ne3 39. Kd2 cxd1Q+ 40. Bxd1 Nxd1 41. g3 a4 0-1